| 000 | 00436pab a2200157 454500 | ||
|---|---|---|---|
| 008 | 180718b2006 xxu||||| |||| 00| 0 eng d | ||
| 100 | _aNabhi, Uma S. | ||
| 245 | _aEnvironmental movements in India: an assessment of their impact on state and non-state actors | ||
| 260 | _c2006 | ||
| 300 | _ap.123-45. | ||
| 362 | _aJan-Mar | ||
| 650 | _aEnvironment - India | ||
| 650 | _aEnvironment | ||
| 773 | _aIndia Quarterly | ||
| 909 | _a71141 | ||
| 999 |
_c71141 _d71141 |
||